[Event "CZE-ch Betsys Online Blitz"]
[Site "Chess.com INT"]
[Date "2021.04.17"]
[Round "1"]
[White "Eret, Matous"]
[Black "Hlozek, David"]
[Result "1-0"]
[WhiteElo "2255"]
[BlackElo "2050"]
[PlyCount "49"]
[EventDate "2021.04.17"]
[EventType "swiss (blitz)"]
[EventRounds "13"]
[EventCountry "CZE"]
[SourceTitle "CBM 201 Extra"]
[Source "ChessBase"]
[SourceDate "2021.05.31"]
[SourceVersion "1"]
[SourceVersionDate "2021.05.31"]
[SourceQuality "1"]

1. e4 c5 2. Nf3 d6 3. d4 cxd4 4. Nxd4 Nf6 5. Nc3 a6 6. Be2 e5 7. Nb3 Be6 8. f4 exf4 9. Bxf4 Nbd7 10. 0-0 Ne5 11. Qe1 Be7 12. Rd1 Qc7 13. Nd4 0-0 14. h3 b5 15. a3 Nc4 16. Bc1 Rad8 17. Qg3 Ne5 18. Bh6 Ng6 19. Bg5 h6 20. Bxf6 Bxf6 21. Nxe6 Qb6+ 22. Kh1 Be5 23. Qg4 Bxc3 24. bxc3 Ne5 25. Qxg7# 1-0

[Event "CZE-ch"]
[Site "Plzen"]
[Date "2020.08.29"]
[Round "7"]
[White "Zeman, Matyas"]
[Black "Hlozek, David"]
[Result "1/2-1/2"]
[WhiteElo "2250"]
[BlackElo "2037"]
[PlyCount "110"]
[EventDate "2020.08.23"]
[EventType "swiss"]
[EventRounds "9"]
[EventCountry "CZE"]
[SourceTitle "CBM 198 Extra"]
[Source "ChessBase"]
[SourceDate "2020.11.30"]
[SourceVersion "1"]
[SourceVersionDate "2020.11.30"]
[SourceQuality "1"]

1. e4 c5 2. Nf3 d6 3. d4 cxd4 4. Qxd4 Nc6 5. Bb5 Bd7 6. Bxc6 Bxc6 7. Nc3 h6 8. 0-0 e5 9. Qd3 Nf6 10. Be3 Be7 11. Rfd1 0-0 12. a4 Ng4 13. h3 Nxe3 14. Qxe3 Qc7 15. Qd3 Rfd8 16. Rd2 Rac8 17. Nb5 Qb6 18. c4 f5 19. Nc3 fxe4 20. Nxe4 Bxe4 21. Qxe4 Qc6 22. Qxc6 Rxc6 23. b3 Rb6 24. Rb1 Bf6 25. Rd5 Kf7 26. Nd2 Ke6 27. Ne4 Be7 28. f3 Rc8 29. Rdd1 a6 30. Nc3 Rbc6 31. Rd3 Bd8 32. Kh1 Ba5 33. Ne4 Bb4 34. Rd5 g5 35. Rbd1 b6 36. g3 Rg8 37. Kg2 Rb8 38. h4 gxh4 39. Rh1 b5 40. axb5 axb5 41. Rxh4 bxc4 42. bxc4 Rxc4 43. Rd3 Rd4 44. Rxh6+ Kd5 45. Rb3 Ra8 46. Rxb4 Rxb4 47. Rxd6+ Kc4 48. g4 Rb2+ 49. Kg3 Ra1 50. Kh4 Rh1+ 51. Kg5 Rh3 52. f4 exf4 53. Kxf4 Rh1 54. Rc6+ Kd5 55. Rd6+ Kc4 1/2-1/2

[Event "Pardubice Czech op-B 30th"]
[Site "Pardubice"]
[Date "2019.07.27"]
[Round "9"]
[White "Hlozek, David"]
[Black "Horvath, Tomas"]
[Result "1/2-1/2"]
[WhiteElo "1901"]
[BlackElo "2048"]
[PlyCount "56"]
[EventDate "2019.07.19"]
[EventType "swiss"]
[EventRounds "9"]
[EventCountry "CZE"]
[SourceTitle "EXT 2020"]
[Source "ChessBase"]
[SourceDate "2019.10.17"]
[SourceVersion "1"]
[SourceVersionDate "2019.10.17"]
[SourceQuality "1"]

1. e4 e5 2. Nf3 Nc6 3. d4 exd4 4. Nxd4 Bc5 5. Nxc6 Qf6 6. Qf3 bxc6 7. Nd2 Qxf3 8. Nxf3 Nf6 9. Bd3 0-0 10. 0-0 Re8 11. e5 Ng4 12. Bf4 d6 13. exd6 cxd6 14. h3 Nf6 15. Rfe1 Bd7 16. c3 Nd5 17. Bh2 a5 18. Nd2 Nf6 19. Nb3 Be6 20. Nxc5 dxc5 21. c4 a4 22. Rad1 Ra7 23. Bf1 Rb7 24. Rd2 Nd7 25. g4 Rc8 26. Red1 h5 27. g5 Kh7 28. Bg2 Nf8 1/2-1/2

[Event "Klatovy op-A 24th"]
[Site "Klatovy"]
[Date "2018.07.05"]
[Round "6"]
[White "Hlozek, David"]
[Black "Stolc, Martin"]
[Result "1/2-1/2"]
[WhiteElo "1852"]
[BlackElo "2043"]
[PlyCount "51"]
[EventDate "2018.06.30"]
[EventType "swiss"]
[EventRounds "9"]
[EventCountry "CZE"]
[SourceTitle "EXT 2019"]
[Source "ChessBase"]
[SourceDate "2018.10.10"]
[SourceVersion "1"]
[SourceVersionDate "2018.10.10"]
[SourceQuality "1"]

1. e4 b6 2. d4 Bb7 3. Bd3 e6 4. c4 Nf6 5. Nc3 Bb4 6. Qe2 d5 7. cxd5 0-0 8. Bd2 exd5 9. e5 Bxc3 10. bxc3 Ne4 11. Nf3 c5 12. 0-0 Nc6 13. Rac1 Nxd2 14. Qxd2 f6 15. Rfe1 c4 16. Bb1 b5 17. Re2 Bc8 18. h3 a5 19. exf6 Qxf6 20. Ng5 g6 21. Rce1 b4 22. Ne6 bxc3 23. Qh6 Bxe6 24. Rxe6 Qxf2+ 25. Kh1 c2 26. Rxg6+ 1/2-1/2

[Event "Klatovy op-A 24th"]
[Site "Klatovy"]
[Date "2018.07.01"]
[Round "2"]
[White "Hlozek, David"]
[Black "Krutsky, Martin"]
[Result "1-0"]
[WhiteElo "1852"]
[BlackElo "2123"]
[PlyCount "109"]
[EventDate "2018.06.30"]
[EventType "swiss"]
[EventRounds "9"]
[EventCountry "CZE"]
[SourceTitle "CBM 185 Extra"]
[Source "ChessBase"]
[SourceDate "2018.07.29"]
[SourceVersion "1"]
[SourceVersionDate "2018.07.29"]
[SourceQuality "1"]

1. e4 c5 2. Nf3 d6 3. d4 cxd4 4. Nxd4 Nf6 5. Nc3 a6 6. Be3 e5 7. Nb3 Be6 8. Be2 Qc7 9. f3 Be7 10. Qd2 h5 11. 0-0 b5 12. Rfd1 Nbd7 13. a4 b4 14. Nd5 Bxd5 15. exd5 Nb6 16. Qxb4 Nbxd5 17. Rxd5 Nxd5 18. Qe4 Nxe3 19. Qxa8+ Bd8 20. Qxa6 0-0 21. c3 d5 22. Bb5 e4 23. Nd4 h4 24. Qc6 Qf4 25. Qd7 exf3 26. Nxf3 Ng4 27. Qa7 Bf6 28. h3 Ne3 29. Bf1 Rb8 30. Re1 Nxf1 31. Rxf1 Rxb2 32. Qa8+ Kh7 33. Qxd5 Qg3 34. Nh2 Qxc3 35. Qf5+ Kg8 36. Ng4 Bd4+ 37. Kh1 Qc7 38. Qd5 Bc3 39. Qg5 f6 40. Qg6 Qe7 41. Nh6+ Kf8 42. Nf5 Qf7 43. Qh7 g5 44. Qh8+ Qg8 45. Qh6+ Ke8 46. Rd1 Be5 47. Qh5+ Qf7 48. Qh8+ Qf8 49. Rd8+ Kxd8 50. Qxf8+ Kc7 51. Qc5+ Kd8 52. Qd5+ Kc7 53. Qc4+ Kd8 54. Qd3+ Kc7 55. Ne3 1-0

[Event "Klatovy op-A 24th"]
[Site "Klatovy"]
[Date "2018.06.30"]
[Round "1"]
[White "Bartos, Jan"]
[Black "Hlozek, David"]
[Result "1/2-1/2"]
[WhiteElo "2153"]
[BlackElo "1852"]
[PlyCount "84"]
[EventDate "2018.06.30"]
[EventType "swiss"]
[EventRounds "9"]
[EventCountry "CZE"]
[SourceTitle "CBM 185 Extra"]
[Source "ChessBase"]
[SourceDate "2018.07.29"]
[SourceVersion "1"]
[SourceVersionDate "2018.07.29"]
[SourceQuality "1"]

1. d4 d5 2. c4 dxc4 3. Nf3 Nf6 4. e3 e6 5. Bxc4 a6 6. 0-0 c5 7. dxc5 Qxd1 8. Rxd1 Bxc5 9. Be2 Nc6 10. Nbd2 Ke7 11. b3 Rd8 12. Bb2 Bd7 13. Rac1 Bb4 14. Nc4 Be8 15. Nfe5 Nxe5 16. Bxe5 Rac8 17. a3 Bc5 18. b4 Ba7 19. Rxd8 Rxd8 20. Na5 Rd2 21. Bf3 Bb5 22. Nxb7 Bb6 23. Bc7 Nd7 24. Bxb6 Nxb6 25. h3 Ra2 26. Rc7+ Nd7 27. Rc3 Ne5 28. Nc5 Ra1+ 29. Kh2 Nxf3+ 30. gxf3 Kd6 31. Nb7+ Kd7 32. Nc5+ Ke7 33. e4 e5 34. Nb7 Kd7 35. Nc5+ Ke7 36. a4 Bxa4 37. Nxa6 Re1 38. Nc7 Kd6 39. Nd5 Bc6 40. Rd3 Ke6 41. Nc7+ Ke7 42. Nd5+ Ke6 1/2-1/2

[Event "Plzen op 9th"]
[Site "Plzen"]
[Date "2017.11.22"]
[Round "4"]
[White "Hlozek, David"]
[Black "Wiley, Tom E"]
[Result "1/2-1/2"]
[WhiteElo "1855"]
[BlackElo "2117"]
[PlyCount "61"]
[EventDate "2017.11.19"]
[EventType "swiss"]
[EventRounds "7"]
[EventCountry "CZE"]
[SourceTitle "CBM 181 Extra"]
[Source "ChessBase"]
[SourceDate "2017.12.12"]
[SourceVersion "1"]
[SourceVersionDate "2017.12.12"]
[SourceQuality "1"]

1. e4 c5 2. Nf3 e6 3. g3 a6 4. Bg2 b5 5. 0-0 Bb7 6. Qe2 d6 7. Rd1 Nf6 8. d3 Be7 9. c3 0-0 10. Nbd2 Nc6 11. d4 Qc7 12. b3 Rfc8 13. Bb2 cxd4 14. cxd4 b4 15. Rac1 d5 16. e5 Nd7 17. Ne1 Qb6 18. Qe3 a5 19. Nd3 a4 20. f4 a3 21. Ba1 Nd8 22. Bf1 g6 23. Nf3 Rxc1 24. Rxc1 Rc8 25. Rxc8 Bxc8 26. Nc5 Nc6 27. Nd3 Ndb8 28. Nfe1 Ba6 29. Nc2 Bb5 30. Qd2 Na6 31. Kf2 1/2-1/2

[Event "Klatovy op-A 23rd"]
[Site "Klatovy"]
[Date "2017.07.01"]
[Round "1"]
[White "Hlozek, David"]
[Black "Kozak, Milos"]
[Result "0-1"]
[WhiteElo "1890"]
[BlackElo "2138"]
[PlyCount "102"]
[EventDate "2017.07.01"]
[EventType "swiss"]
[EventRounds "9"]
[EventCountry "CZE"]
[SourceTitle "EXT 2018"]
[Source "ChessBase"]
[SourceDate "2017.10.13"]
[SourceVersion "1"]
[SourceVersionDate "2017.10.13"]
[SourceQuality "1"]

1. e4 c6 2. d4 d5 3. e5 Bf5 4. Nc3 e6 5. g4 Bg6 6. Nge2 c5 7. h4 h5 8. Nf4 Bh7 9. Nxh5 Nc6 10. Be3 Bxc2 11. Qxc2 cxd4 12. Bxd4 Nxd4 13. Qa4+ Nc6 14. Bb5 Nge7 15. Rc1 a6 16. Bd3 b5 17. Qf4 Qb8 18. Qg5 Qxe5+ 19. Qxe5 Nxe5 20. Be2 Nc4 21. b3 Na3 22. f4 g6 23. Ng3 Bg7 24. Kf2 0-0 25. h5 Rfc8 26. Nb1 Nxb1 27. Rxb1 gxh5 28. gxh5 Bh6 29. Rh4 Rc5 30. Rg4+ Kh8 31. a4 Rb8 32. axb5 axb5 33. Ra1 Ng8 34. f5 Nf6 35. Rb4 Rg8 36. Nf1 Ne4+ 37. Ke1 Nd6 38. fxe6 fxe6 39. Ra6 Rc1+ 40. Kf2 Ne4+ 41. Rxe4 dxe4 42. Rxe6 e3+ 43. Kf3 Rf8+ 44. Kg3 Bf4+ 45. Kg4 Rc2 46. Bxb5 Rg2+ 47. Kh3 Rfg8 48. Re4 Rb2 49. h6 Bxh6 50. Bd3 Rxb3 51. Kh2 Bf4+ 0-1

[Event "Plzen op 8th"]
[Site "Plzen"]
[Date "2016.10.09"]
[Round "1"]
[White "Hlozek, David"]
[Black "Janska, Jitka"]
[Result "1/2-1/2"]
[WhiteElo "1744"]
[BlackElo "2101"]
[PlyCount "95"]
[EventDate "2016.10.09"]
[EventType "swiss"]
[EventRounds "7"]
[EventCountry "CZE"]
[SourceTitle "EXT 2017"]
[Source "ChessBase"]
[SourceDate "2016.10.25"]
[SourceVersion "1"]
[SourceVersionDate "2016.10.25"]
[SourceQuality "1"]

1. e4 e5 2. d4 exd4 3. Bc4 Nc6 4. Nf3 Bb4+ 5. c3 dxc3 6. bxc3 Bd6 7. 0-0 Qe7 8. Re1 Ne5 9. Bb3 Nxf3+ 10. Qxf3 Bc5 11. Bf4 d6 12. Nd2 c6 13. Qg3 Be6 14. e5 Qf8 15. exd6 0-0-0 16. Bxe6+ fxe6 17. Rxe6 Nf6 18. Qh3 Kb8 19. Nb3 Nd5 20. Bg3 Bxd6 21. Bxd6+ Rxd6 22. Rxd6 Qxd6 23. Re1 Rd8 24. Qd3 Qf6 25. Ra1 Rf8 26. Qg3+ Ka8 27. c4 Nc3 28. Re1 Rd8 29. Qc7 Nxa2 30. Nc5 Rb8 31. Nd7 Qd8 32. Qxb8+ Qxb8 33. Nxb8 Kxb8 34. Re8+ Kc7 35. Re7+ Kb6 36. Rxg7 a5 37. f4 Nc3 38. f5 a4 39. c5+ Ka7 40. f6 a3 41. f7 a2 42. f8Q a1Q+ 43. Kf2 Ne4+ 44. Ke3 Qe1+ 45. Kd4 Qa1+ 46. Kxe4 Qe1+ 47. Kd4 Qa1+ 48. Ke4 1/2-1/2

[Event "Klatovy op 22nd"]
[Site "Klatovy"]
[Date "2016.07.04"]
[Round "3"]
[White "Hlozek, David"]
[Black "Zizka, Petr"]
[Result "0-1"]
[WhiteElo "1677"]
[BlackElo "2004"]
[PlyCount "89"]
[EventDate "2016.07.02"]
[EventType "swiss"]
[EventRounds "9"]
[EventCountry "CZE"]
[SourceTitle "CBM 173 Extra"]
[Source "ChessBase"]
[SourceDate "2016.08.29"]
[SourceVersion "1"]
[SourceVersionDate "2016.08.29"]
[SourceQuality "1"]

1. e4 d6 2. d4 Nf6 3. Nc3 c6 4. Nf3 Bg4 5. h3 Bh5 6. g4 Bg6 7. Bd3 Nbd7 8. Be3 Qa5 9. Qd2 a6 10. a3 e5 11. Nh4 Be7 12. Nf5 Bxf5 13. gxf5 exd4 14. Bxd4 Ne5 15. Bxe5 dxe5 16. 0-0-0 b5 17. Na2 Qc7 18. Qc3 c5 19. Nb4 Ra7 20. Nd5 Nxd5 21. exd5 Bf6 22. Be4 Qd6 23. Qe3 Rb7 24. Bg2 0-0 25. Rhf1 b4 26. a4 b3 27. c3 h6 28. Kb1 Rc7 29. f4 c4 30. fxe5 Bxe5 31. f6 Bxf6 32. Be4 Bg5 33. Qf2 Re8 34. Qg2 Qd7 35. h4 Bxh4 36. Rf5 Qxa4 37. Rg1 f6 38. d6 Rd7 39. Ra5 Qxa5 40. Qg6 Rxe4 41. Qxe4 Qa2+ 42. Kc1 Qa1+ 43. Kd2 Qxb2+ 44. Ke3 Qxc3+ 45. Kf4 0-1

[Event "Klatovy op 22nd"]
[Site "Klatovy"]
[Date "2016.07.03"]
[Round "2"]
[White "Ratsma, Midas"]
[Black "Hlozek, David"]
[Result "1-0"]
[WhiteElo "2171"]
[BlackElo "1677"]
[PlyCount "65"]
[EventDate "2016.07.02"]
[EventType "swiss"]
[EventRounds "9"]
[EventCountry "CZE"]
[SourceTitle "CBM 173 Extra"]
[Source "ChessBase"]
[SourceDate "2016.08.29"]
[SourceVersion "1"]
[SourceVersionDate "2016.08.29"]
[SourceQuality "1"]

1. d4 d5 2. Bf4 e6 3. e3 Nf6 4. Nd2 c5 5. c3 Nc6 6. Ngf3 Bd6 7. Bg3 Bxg3 8. hxg3 cxd4 9. exd4 0-0 10. Bd3 Re8 11. Ne5 h6 12. Qe2 Nd7 13. Ndf3 Ndxe5 14. Nxe5 Nxe5 15. dxe5 Qb6 16. g4 g6 17. Rxh6 Kg7 18. Qf3 Qxb2 19. Rh7+ Kxh7 20. Qxf7+ Kh8 21. Qxe8+ Kg7 22. Qe7+ Kg8 23. Qd8+ Kf7 24. Qc7+ Kf8 25. Rb1 Qa3 26. Qd8+ Kg7 27. Qf6+ Kg8 28. Bxg6 Qxc3+ 29. Kf1 Qc4+ 30. Kg1 Qc7 31. Rb3 Qc1+ 32. Kh2 Qh6+ 33. Rh3 1-0

[Event "CZE-ch U12"]
[Site "Kouty nad Desnou"]
[Date "2015.03.13"]
[Round "8"]
[White "Hlozek, David"]
[Black "Fojt, Petr"]
[Result "1/2-1/2"]
[WhiteElo "1646"]
[BlackElo "1527"]
[PlyCount "133"]
[EventDate "2015.03.07"]
[EventType "swiss"]
[EventRounds "9"]
[EventCountry "CZE"]
[SourceTitle "EXT 2017"]
[Source "ChessBase"]
[SourceDate "2016.10.25"]
[SourceVersion "1"]
[SourceVersionDate "2016.10.25"]
[SourceQuality "1"]

1. e4 c5 2. Nf3 d6 3. d4 cxd4 4. Nxd4 Nf6 5. f3 Nc6 6. c4 e5 7. Nc2 Be6 8. Nc3 Be7 9. Be3 Qc7 10. Be2 0-0 11. 0-0 Rad8 12. Nd5 Bxd5 13. exd5 Nb8 14. b3 b6 15. Nb4 Nfd7 16. Nd3 Nc5 17. Nxc5 bxc5 18. Bd3 Qd7 19. f4 Bf6 20. fxe5 Bxe5 21. Rb1 Qe7 22. Qf3 Rde8 23. Bf2 Qg5 24. Rbe1 Nd7 25. Qh3 Nf6 26. Be3 Bd4 27. Bxd4 cxd4 28. Qf3 Qd2 29. Rd1 Qxa2 30. Rf2 Qa5 31. Re2 Rxe2 32. Bxe2 Qc5 33. Kf1 Nd7 34. Qe4 Ne5 35. Qxd4 Qxd4 36. Rxd4 Rb8 37. Bd1 Kf8 38. Rd2 Ke7 39. Ra2 Rb7 40. Ra6 Nd7 41. b4 Rxb4 42. Rxa7 Kd8 43. Be2 Ne5 44. Ra6 Kc7 45. Ra7+ Rb7 46. Ra3 Rb4 47. Kf2 Kb6 48. Ke3 Nxc4+ 49. Bxc4 Rxc4 50. Rb3+ Kc5 51. Rd3 Rh4 52. h3 Rh5 53. Ra3 Rxd5 54. Ra7 Kc4 55. Rxf7 Rg5 56. g4 d5 57. Rc7+ Kb5 58. Kd4 Kb6 59. Rc5 Rg6 60. Rxd5 Kc6 61. Rh5 h6 62. Rf5 Kd6 63. Ke4 Ke6 64. Ra5 Rg5 65. Ra6+ Kf7 66. Kf4 Rb5 67. Ra7+ 1/2-1/2